| 000 | 00636cam a22002054a 4500 | ||
|---|---|---|---|
| 001 | 14022300 | ||
| 005 | 20241107163933.0 | ||
| 008 | 050630s2006 njua 001 0 eng | ||
| 020 | _a0131496891 (hard) | ||
| 020 | _a9780131496897 | ||
| 050 | 0 | 0 |
_aKF241.T38 _bK37 2006 |
| 082 | 0 | 0 |
_a343.7304/072 _222 |
| 100 | 1 | _aKarlin, Barbara H. | |
| 245 | 1 | 0 |
_aTax research / _cBarbara H. Karlin. |
| 250 | _a3rd ed. | ||
| 260 |
_aUpper Saddle River, NJ : _bPearson/Prentice Hall, _cc2006. |
||
| 300 |
_axi, 568 p. : _bill., Index ; _c26 cm. |
||
| 650 | 0 |
_aTaxation _xLaw and legislation _zUnited States _xLegal research. |
|
| 942 |
_2lcc _cBK _e3rd Ed. _n0 |
||
| 999 |
_c832 _d832 |
||